000 01033nam a22003371i 4500
001 22317
003 BD-RjUL
005 20211209000807.0
008 140308r19651907enk 000 1 eng
035 _a(BD-RjUL)22382
035 _a(OCoLC)6435724
040 _aDLC
_cPManM
_dUk
_dDLC
_dBD-RjUL
_beng
041 _aeng
082 _a823
_bDID 1965
100 1 _aDickens, Charles,
_d1812-1870.
_968904
245 1 0 _aDavid Copperfield /
_cCharles Dickens; G K Chesterton.
260 _aLondon :
_bDent,
_c1907 [Reprinted 1965].
300 _axx, 837 p. ;
_b18 cm.
650 0 _aBoys
_vFiction.
_942544
650 0 _aOrphans
_vFiction.
_942358
650 0 _aYoung men
_vFiction.
_968905
650 0 _aStepfathers
_vFiction.
_968906
650 0 _aChild labor
_vFiction.
_968907
651 0 _aEngland
_vFiction.
_968908
655 7 _aAutobiographical fiction.
_2gsafd
_968917
655 7 _aBildungsromans.
_2gsafd
_968918
700 1 _aChesterton, G K
_953253
942 _2ddc
_cBK
999 _c22317
_d22317